000 01075nam a2200277Ia 4500
003 OSt
005 20221005103836.0
006 a|||||r|||| 00| 0
007 ta
008 221004b |||||||| |||| 00| 0 hin d
020 _a9788178542546 (hbk)
_c1750
024 _a8568
037 _b240, 17/12/2013, Eastern Book Linkers
_cTextual
040 _aCRL
_cCRL
_bhin
041 _2hin
_ahin
082 _aO152,1:g(P:75), L2;Q3
100 _aगुप्त, राकेश
245 0 _aसाहित्यानुशीलन
246 _aSāhityānushīlana
260 _aदिल्ली
_bईस्टर्न बुक लिंकर्स भारत
_c2013
300 _a425पृ0
_ccm.
650 _aहिन्दी साहित्य
700 _a चतुर्वेदी, ़ऋषि कुमार
942 _hO152,1:g(P:75), L2;Q3
_cTEXL
_2cc
999 _c1011064
_d1011064